LEADER 01226nam0 22002893i 450 001 SBL0512012 005 20231121125825.0 020 $aIT$b603047 100 $a20150109d1959 ||||0itac50 ba 101 | $aita 102 $ait 181 1$6z01$ai $bxxxe 182 1$6z01$an 200 1 $aMiscellanea di storia e filologia$e1: La psicologia dell'invenzione e i limiti della critica interna (Contributo alla metodologia storica nel campo dell'esegesi neo-testamentaria)$e2: Aggiunte ai Fondamenti di una scienza dell'origine del linguaggio$fPaolo Ettore Santangelo 210 $aMilano$cSantangelo$d1959 215 $a108, XXIII p.$d24 cm. 606 $aLinguistica$xRaccolte di saggi$2FIR$3RMLC422755$9I 676 $a410$9Linguistica$v21 700 1$aSantangelo$b, Paolo Ettore$3RAVV036696$4070$0200576 801 3$aIT$bIT-01$c20150109 850 $aIT-FR0017 899 $aBiblioteca umanistica Giorgio Aprea$bFR0017 $eN 912 $aSBL0512012 950 0$aBiblioteca umanistica Giorgio Aprea$d 52DSR M 4$e 52FLS0000316665 VMB RS $fA $h20150109$i20150109 977 $a 52 996 $aMiscellanea di storia e filologia$9238075 997 $aUNICAS